| 000 | 00530nam a22001937a 4500 | ||
|---|---|---|---|
| 005 | 20260312155819.0 | ||
| 008 | 260312b |||||||| |||| 00| 0 eng d | ||
| 020 | _a9781009525244 | ||
| 040 | _cFLL | ||
| 041 |
_2Eng _aEng |
||
| 084 | _aV2:2:(Z) R4 | ||
| 100 |
_aDasgupta Sandipto _91131891 |
||
| 245 |
_aLegalizing the Revolution _bIndia and the Constitution of the Postcolony |
||
| 250 | _a1st | ||
| 260 |
_aIndia _bCambridge University Press _c2024 |
||
| 300 | _axvii,490p. | ||
| 650 | _aConstitution | ||
| 942 |
_2CC _cTB |
||
| 999 |
_c1715270 _d1715270 |
||